U.S. State Flags with Two Colors - Statistics

General Stats
  • This quiz has been taken 18 times
  • The average score is 5 of 6
Answer Stats
Picture Answer % Correct
Alaska
94%
Alabama
89%
South Carolina
89%
New Mexico
83%
Indiana
61%
Oregon
61%
No matching quizzes found
Score Distribution
Percent of People with Each Score
Percentile by Number Answered
Your Score History
You have not taken this quiz